| 000 | 01139nam a22002417a 4500 | ||
|---|---|---|---|
| 005 | 20150616131951.0 | ||
| 008 | 150616b mx||||| |||| 00| 0 spa d | ||
| 020 | _a9789681675219 (rustica) | ||
| 020 | _a9789681684112 (empastada) | ||
| 050 | 0 | s |
_aPQ7297 .O46 _bT43 2007 |
| 100 | 1 |
_aOlmos, Carlos, _d1947 |
|
| 245 | 1 | 0 |
_aTeatro completo : _bCarlos Olmos ; Prólogo y edición de Julian Robles y Enrique Serna |
| 250 | _a1a ed. | ||
| 260 |
_aMéxico : _bFondo de Cultura Economica, _c2007 |
||
| 300 |
_a636 p., [16] p. láms. : _bil. ; _c23 cm. |
||
| 440 | 0 | _aColección : Letras mexicanas | |
| 440 | 0 | _aSerie mayor | |
| 505 |
_aContenido : _gv. Tríptico de juegos -- Juegos profanos (el infierno) -- Juegos impuros (el purgatorio) -- Juegos fatuos (la gloria) -- Lenguas muertas -- Las ruinas de Babilonia -- El presente perfecto -- La rosa de oro -- El brillo de la ausencia -- El dandy del hotel Savoy -- El eclipse -- Final de vierne -- Atardecer en el tropico -- Después del terremoto. |
||
| 650 | 4 | _aTeatro mexicano | |
| 700 | 1 |
_aRobles, Julián, _qprolog. |
|
| 700 | 1 |
_aSerna, Enrique, _qprolog. |
|
| 942 |
_2lcc _cLIB |
||
| 999 |
_c95742 _d95742 |
||